00622nam a2200181 a 4500001000800000005001700008008004100025041000800066044000700074050002400081245011300105260006300218300004300281500001100324504002700335600003900362651003900401BRL_32120190320210702.0290713m19641965mx-a######---#000-0#spa-# aspa amx 4aND588.R8b.O27 196410aLa obra del pintor alemán Johann Moritz Rugendas (1802-1858)bdurante su estancia en México (1831-1834). aMéxicob[Museo Nacional de Historia : INAH]c[1964-1965] a20 reproduccionesbil. a colorc25 cm. aAu2330 aIncluye bibliografía14aRugendas, Johann Moritzd1802-1858 4aMéxicovExposicionesxEn el arte